000 00388 a2200145 4500
999 _c8251
_d8251
020 _a9780415231732
050 _aP 327.J33 JAC 2002
100 _aJackson, Howard
_eauthor
245 _aLexicography:
_ban introduction/
_cHoward Jackson
264 _aLondon:
_bRoutledge,
_c2002
300 _a190p.:
500 _aIncludes index
650 _aLexicography
942 _2lcc
_cBK
_h327.J33
_iJAC
_kP